00267nam a2200121Ia 4500100002200000650001600022654002100038245002200059260002600081082001800107300000800125546001200133 aArehart/ Charles  aAutomobiles aProfessional wap aProfessional WAP bWrox Press Ltdc2000 a4.65bARE/CHA a812 aENGLISH